[Event "63.Camp. Veneto Quarti di Finale"]
[Site "Arquà Petrarca ITA"]
[Date "2003.05.04"]
[Round "2.20"]
[White "Sanavio, Giancarlo"]
[Black "Quaranta, Gaetano"]
[Result "1/2-1/2"]
[WhiteElo "1564"]
[BlackElo "1597"]
[Annotator "Gabriele Ballarin"]
[PlyCount "129"]
[EventDate "2003.05.03"]
[EventType "swiss"]
[EventRounds "6"]
[EventCountry "ITA"]

1. Nf3 d5 2. c4 dxc4 3. Qa4+ Nc6 4. Qxc4 Nf6 5. g3 h6 6. Bg2 e5 7. O-O Be6 8. Qb5 e4 9. Ne1 Rb8 10. Nc3 a6 11. Qa4 Qd4 12. Qxd4 Nxd4 13. e3 Nb5 14. Nxe4 Nxe4 15. Bxe4 Bh3 16. Ng2 Be7 17. Rd1 Bg4 18. f3 Be6 19. Nf4 Bd7 20. Nd5 f5 21. Bd3 Bd6 22. Nc3 Na7 23. Bc4 Bc6 24. Kf2 b5 25. Bb3 Rf8 26. d4 a5 27. Bd2 a4 28. Bd5 Ke7 29. Bxc6 Nxc6 30. a3 g5 31. Rac1 Na5 32. Nd5+ Ke6 33. Bxa5 Kxd5 34. Bxc7 Bxc7 35. Rxc7 b4 36. Rdc1 bxa3 37. bxa3 Rb2+ 38. Kg1 g4 39. R7c6 gxf3 40. Rxh6 Rb3 41. Kf2 Re8 42. Rc5+ Ke4 43. Rh4+ Kd3 44. Kxf3 Rxe3+ 45. Kf4 Kxd4 46. Rxf5 Re4+ 47. Kg5 Rxh4 48. Kxh4 Rxa3 49. g4 Ke4 50. Ra5 Ra2 51. h3 a3 52. g5 Ra1 53. g6 a2 54. Kh5 Rh1 55. g7 Rxh3+ 56. Kg4 Rh1 57. Kg5 Rg1+ 58. Kh6 Rh1+ 59. Kg6 Rg1+ 60. Kf7 Rf1+ 61. Kg6 a1=Q 62. Rxa1 Rxa1 63. Kh7 Rh1+ 64. Kg6 Rg1+ 65. Kh7 1/2-1/2

[Event "63.Camp. Veneto Quarti di Finale"]
[Site "Arquà Petrarca ITA"]
[Date "2003.05.04"]
[Round "2.21"]
[White "Fabiano, Manuel"]
[Black "Rigo, Gianfrancesco"]
[Result "1-0"]
[WhiteElo "1600"]
[BlackElo "2055"]
[Annotator "Gabriele Ballarin"]
[PlyCount "71"]
[EventDate "2003.05.03"]
[EventType "swiss"]
[EventRounds "6"]
[EventCountry "ITA"]

1. d4 Nf6 2. Bf4 e6 3. Nf3 c5 4. c3 Qb6 5. Qb3 Nc6 6. e3 d5 7. Nbd2 Qxb3 8. axb3 Nh5 9. Bg5 h6 10. Bh4 g5 11. Bg3 g4 12. Ne5 Nxg3 13. hxg3 Nxe5 14. dxe5 Bg7 15. Rh5 f5 16. exf6 Bxf6 17. Bd3 Kf7 18. Ra4 e5 19. Bf5 Bxf5 20. Rxf5 Kg6 21. e4 b6 22. f3 h5 23. Kf2 Rhd8 24. Ke2 Rd7 25. fxg4 hxg4 26. Rf2 d4 27. Kd3 Rh8 28. b4 dxc3+ 29. Kxc3 Rhd8 30. bxc5 Rc8 31. b4 a5 32. Kb3 axb4 33. Rxb4 bxc5 34. Rb6 Rf7 35. Nc4 Rd8 36. Nxe5+ 1-0

[Event "63.Camp. Veneto Quarti di Finale"]
[Site "Arquà Petrarca ITA"]
[Date "2003.05.04"]
[Round "2.22"]
[White "Ballarin, Gabriele"]
[Black "Zanirato, Stefano"]
[Result "1-0"]
[WhiteElo "1582"]
[BlackElo "1716"]
[Annotator "Gabriele Ballarin"]
[PlyCount "51"]
[EventDate "2003.05.03"]
[EventType "swiss"]
[EventRounds "6"]
[EventCountry "ITA"]
[SourceTitle "Inf 22"]

1. e4 d6 2. d4 Nf6 3. Bd3 g6 4. Be3 Bg7 5. f3 O-O 6. Qd2 Re8 7. c4 e5 8. Nc3 c6 9. d5 c5 10. g4 h5 11. gxh5 Nxh5 12. O-O-O Kh7 13. Nge2 Qh4 14. Nb5 Qe7 15. Rdg1 a6 16. Nbc3 Bd7 17. Ng3 Nf4 18. h4 Nh3 19. Rg2 Rh8 20. h5 Qh4 21. hxg6+ fxg6 22. Bg5 Qxg5 23. Qxg5 Bh6 24. Qxh6+ Kxh6 25. Rgh2 Kg7 26. Bf1 1-0

[Event "63.Camp. Veneto Quarti di Finale"]
[Site "Arquà Petrarca ITA"]
[Date "2003.05.04"]
[Round "2.23"]
[White "Cecchetto, Vanni"]
[Black "De Nard, Stefano"]
[Result "1-0"]
[WhiteElo "2051"]
[BlackElo "1569"]
[Annotator "Gabriele Ballarin"]
[PlyCount "77"]
[EventDate "2003.05.03"]
[EventType "swiss"]
[EventRounds "6"]
[EventCountry "ITA"]

1. d4 Nf6 2. c4 g6 3. Nc3 d5 4. e3 Bg7 5. Bd3 O-O 6. Nge2 c5 7. O-O cxd4 8. exd4 dxc4 9. Bxc4 Nc6 10. a3 a6 11. Ba2 b5 12. d5 Na5 13. Nd4 Qc7 14. Nce2 Bb7 15. Bf4 Qd7 16. b4 Nc4 17. Rc1 Nxd5 18. Bg3 Nxa3 19. Nb3 Rfd8 20. Nc5 Qc6 21. Nd4 Bxd4 22. Qxd4 Nc4 23. Nxb7 Qxb7 24. Bxc4 bxc4 25. Rxc4 Nb6 26. Qe4 Qxe4 27. Rxe4 Nd5 28. Ra1 h6 29. h4 f5 30. Re6 Nxb4 31. Rxe7 Nd5 32. Re6 Nb4 33. Rxg6+ Kh7 34. Rf6 a5 35. Rxf5 a4 36. Rb5 Nc2 37. Ra2 a3 38. Rxc2 a2 39. Be5 1-0

[Event "63.Camp. Veneto Quarti di Finale"]
[Site "Arquà Petrarca ITA"]
[Date "2003.05.04"]
[Round "2.24"]
[White "Navarro, Tommaso"]
[Black "Ferrari, Mario"]
[Result "0-1"]
[WhiteElo "1552"]
[BlackElo "1662"]
[Annotator "Gabriele Ballarin"]
[PlyCount "118"]
[EventDate "2003.05.03"]
[EventType "swiss"]
[EventRounds "6"]
[EventCountry "ITA"]

1. e4 e6 2. d4 d5 3. exd5 exd5 4. Nf3 Bg4 5. Be2 Nf6 6. O-O Bd6 7. Nc3 c6 8. Bg5 Nbd7 9. Re1 O-O 10. h3 Bxf3 11. Bxf3 Qc7 12. g3 Bxg3 13. Bxf6 Bh2+ 14. Kh1 Nxf6 15. Qd2 Bf4 16. Qd3 Rfe8 17. Rg1 Qd7 18. Bg4 Nxg4 19. Rxg4 Bh6 20. Rag1 Re6 21. Ne2 Rg6 22. Qf3 Re8 23. Ng3 Rxg4 24. hxg4 Qe6 25. Nf5 Bg5 26. Qg3 Qe4+ 27. f3 Qf4 28. Qf2 g6 29. Ng3 Bh4 30. Rg2 Re3 31. Ne2 Bxf2 32. Nxf4 Rxf3 33. Nd3 Rh3+ 34. Rh2 Rxh2+ 35. Kxh2 Bxd4 36. c3 Be3 37. Kg2 d4 38. cxd4 Bxd4 39. b3 Kg7 40. Kf3 Kf6 41. Kf4 Ke6 42. Ke4 c5 43. Nf4+ Kd6 44. Nh3 f6 45. Nf4 b5 46. b4 f5+ 47. gxf5 gxf5+ 48. Kxf5 cxb4 49. Ke4 Bg7 50. Nd3 a5 51. Kf3 Bc3 52. Ke2 Kd5 53. Kd1 a4 54. Kc2 Kd4 55. Nc1 h5 56. Kd1 Kc4 57. Kc2 h4 58. Nd3 b3+ 59. axb3+ axb3+ 0-1

[Event "63.Camp. Veneto Quarti di Finale"]
[Site "Arquà Petrarca ITA"]
[Date "2003.05.04"]
[Round "2.25"]
[White "Mocellin, Gianfranco"]
[Black "Vaglio, Alessandro"]
[Result "1-0"]
[WhiteElo "1708"]
[BlackElo "1539"]
[Annotator "Gabriele Ballarin"]
[PlyCount "129"]
[EventDate "2003.05.03"]
[EventType "swiss"]
[EventRounds "6"]
[EventCountry "ITA"]

1. f4 d5 2. Nf3 Nc6 3. d4 Bf5 4. a3 Nf6 5. e3 h6 6. Bd3 Bg4 7. h3 Bxf3 8. Qxf3 e6 9. O-O Be7 10. Bd2 O-O 11. Nc3 a6 12. Ne2 Bd6 13. g4 Nh7 14. Ng3 Ne7 15. Rae1 c5 16. c3 Qb6 17. Rb1 cxd4 18. exd4 Qc7 19. Kg2 b5 20. Rbe1 a5 21. h4 b4 22. axb4 axb4 23. g5 Ra2 24. cxb4 Rxb2 25. Re2 Bxb4 26. Bxb4 Rxb4 27. gxh6 Rxd4 28. hxg7 Kxg7 29. Nh5+ Kh8 30. Bxh7 Kxh7 31. Nf6+ Kg7 32. Qg4+ Ng6 33. Nh5+ Kh7 34. Qg5 Qd8 35. Nf6+ Kg7 36. h5 Rh8 37. h6+ Rxh6 38. Nh5+ Rxh5 39. Qxd8 Nxf4+ 40. Rxf4 Rxf4 41. Kg3 Rhh4 42. Qxh4 Rxh4 43. Kxh4 Kf6 44. Kg4 e5 45. Ra2 Kg6 46. Ra6+ f6 47. Rd6 d4 48. Re6 d3 49. Rd6 d2 50. Rxd2 f5+ 51. Kh4 Kf6 52. Rd6+ Ke7 53. Ra6 e4 54. Kg5 e3 55. Kxf5 e2 56. Re6+ Kd7 57. Rxe2 Kd6 58. Re5 Kc6 59. Ke6 Kc7 60. Rd5 Kb7 61. Rc5 Kb6 62. Kd6 Kb7 63. Rc6 Ka7 64. Kc7 Ka8 65. Ra6# 1-0

[Event "63.Camp. Veneto Quarti di Finale"]
[Site "Arquà Petrarca ITA"]
[Date "2003.05.04"]
[Round "2.26"]
[White "Zambon, Roberto"]
[Black "Zanatta, Federico"]
[Result "1-0"]
[WhiteElo "1537"]
[BlackElo "1654"]
[Annotator "Gabriele Ballarin"]
[PlyCount "119"]
[EventDate "2003.05.03"]
[EventType "swiss"]
[EventRounds "6"]
[EventCountry "ITA"]

1. d4 Nf6 2. c4 c5 3. d5 e6 4. Nc3 exd5 5. cxd5 d6 6. e4 a6 7. a4 g6 8. Nf3 Bg4 9. Be2 Bg7 10. O-O O-O 11. Bf4 Nh5 12. Bg5 Qb6 13. Qc2 h6 14. Be3 Qc7 15. h3 Bxf3 16. Bxf3 Nf6 17. Bf4 Nbd7 18. Rfe1 Rfe8 19. Rac1 Ne5 20. Be2 Rab8 21. b3 Re7 22. Bg3 Ne8 23. Rcd1 Qd8 24. f4 Nd7 25. Bg4 b5 26. axb5 axb5 27. Bf3 Qa5 28. Ne2 Rc8 29. Bg4 Nef6 30. Bf3 Qb6 31. Bf2 Qb7 32. e5 dxe5 33. d6 e4 34. dxe7 exf3 35. gxf3 Nd5 36. Qd3 N7f6 37. e8=Q+ Rxe8 38. Bxc5 Qc7 39. Bd4 Nxf4 40. Nxf4 Rxe1+ 41. Rxe1 Qxf4 42. Bxf6 Qg3+ 43. Kf1 Bxf6 44. Qe2 Bh4 45. Qe8+ Kg7 46. Qe5+ Qxe5 47. Rxe5 b4 48. Re4 Bd8 49. Rxb4 f5 50. Rb7+ Kf6 51. Rb4 Kg5 52. Rd4 Be7 53. b4 Bf6 54. Rd6 Be5 55. Rd8 Kh4 56. b5 Kxh3 57. b6 Kg3 58. b7 h5 59. Rg8 h4 60. Rxg6+ 1-0

[Event "63.Camp. Veneto Quarti di Finale"]
[Site "Arquà Petrarca ITA"]
[Date "2003.05.04"]
[Round "2.27"]
[White "Zangrando, Gianpietro"]
[Black "Menin, Massimo"]
[Result "1-0"]
[WhiteElo "1650"]
[BlackElo "1534"]
[Annotator "Gabriele Ballarin"]
[PlyCount "97"]
[EventDate "2003.05.03"]
[EventType "swiss"]
[EventRounds "6"]
[EventCountry "ITA"]

1. Nf3 c5 2. g3 Nf6 3. Bg2 Nc6 4. O-O e5 5. d3 d5 6. c4 Be7 7. cxd5 Nxd5 8. Nc3 Be6 9. Bd2 O-O 10. Qc1 h6 11. Ne4 b6 12. Bc3 Nd4 13. Re1 Nxf3+ 14. Bxf3 f5 15. Nd2 Bd6 16. Nc4 Qc7 17. Nxd6 Qxd6 18. b3 f4 19. Qb2 fxg3 20. Bxe5 gxh2+ 21. Bxh2 Qe7 22. Kh1 Rad8 23. Rg1 Nf4 24. Rg3 Bd5 25. Rag1 Rf7 26. Bxd5 Rxd5 27. Re3 Qh4 28. Re5 Rxe5 29. Qxe5 Re7 30. Qxf4 Qxf4 31. Bxf4 Rxe2 32. Bxh6 Kh7 33. Be3 Rxa2 34. Rb1 Kg6 35. Kg2 Kf5 36. Kf3 g5 37. Kg3 Ra5 38. b4 Ra3 39. bxc5 bxc5 40. Rb5 Rxd3 41. Rxc5+ Ke4 42. Rxg5 Ra3 43. Rg7 a5 44. Re7+ Kd3 45. f4 Ra2 46. f5 Re2 47. Kf3 a4 48. Rd7+ Kc4 49. Kxe2 1-0

[Event "63.Camp. Veneto Quarti di Finale"]
[Site "Arquà Petrarca ITA"]
[Date "2003.05.04"]
[Round "2.28"]
[White "Gatti, Paolo"]
[Black "Velluti, Alberto"]
[Result "0-1"]
[WhiteElo "1512"]
[BlackElo "1646"]
[Annotator "Gabriele Ballarin"]
[PlyCount "78"]
[EventDate "2003.05.03"]
[EventType "swiss"]
[EventRounds "6"]
[EventCountry "ITA"]

1. e4 c5 2. Nf3 Nc6 3. Bb5 g6 4. c3 Nf6 5. d3 Bg7 6. O-O O-O 7. Re1 d6 8. Bg5 Bd7 9. Nbd2 Ne5 10. Bxd7 Nexd7 11. d4 b5 12. b4 cxb4 13. cxb4 Rc8 14. Rc1 Nb6 15. Qe2 a6 16. Nb3 Rxc1 17. Rxc1 d5 18. Bxf6 exf6 19. e5 fxe5 20. Nxe5 Re8 21. Qb2 Bxe5 22. dxe5 Nc4 23. Qc3 Rxe5 24. Nd4 Qe8 25. g3 Re4 26. Kf1 Qe5 27. Nf3 Qf5 28. Kg2 Re2 29. Re1 Ne3+ 30. Qxe3 Rxe3 31. Rxe3 Qc2 32. Ra3 Qe4 33. Re3 Qxb4 34. Re8+ Kg7 35. Ne5 Qe4+ 36. f3 Qe2+ 37. Kh3 d4 38. Re7 Qxa2 39. Rd7 Qe6+ 0-1

[Event "63.Camp. Veneto Quarti di Finale"]
[Site "Arquà Petrarca ITA"]
[Date "2003.05.04"]
[Round "2.29"]
[White "Boscolo, Michele"]
[Black "Alessi, Giovanni"]
[Result "1-0"]
[WhiteElo "1638"]
[BlackElo "1500"]
[Annotator "Gabriele Ballarin"]
[PlyCount "95"]
[EventDate "2003.05.03"]
[EventType "swiss"]
[EventRounds "6"]
[EventCountry "ITA"]

1. d4 d5 2. Bg5 Nf6 3. Bxf6 exf6 4. Nf3 g6 5. e3 Bg7 6. c4 c6 7. cxd5 cxd5 8. Nc3 Be6 9. Be2 Nc6 10. O-O O-O 11. Rc1 a6 12. Qb3 Na5 13. Qb4 b5 14. b3 Re8 15. Qa3 b4 16. Qb2 bxc3 17. Rxc3 Qb6 18. Rfc1 Rac8 19. Ne1 Rxc3 20. Rxc3 Rb8 21. Nd3 Nb7 22. Qc1 a5 23. Rc6 Qd8 24. Bf3 h6 25. Nf4 Kh7 26. Nxe6 fxe6 27. g3 e5 28. dxe5 fxe5 29. Qc2 e4 30. Bg4 Nd6 31. Qc5 Nf5 32. Bxf5 gxf5 33. Rd6 Rc8 34. Qxd5 Qg5 35. Qd1 h5 36. h4 Qg4 37. Qd2 Rc7 38. Rd5 Qg6 39. Qxa5 Rc1+ 40. Kg2 Kh6 41. Rxf5 Qg4 42. Qd5 Rd1 43. Qe6+ Kh7 44. Qf7 Kh6 45. Rg5 Qf3+ 46. Qxf3 exf3+ 47. Kxf3 Rd2 48. a4 1-0

[Event "63.Camp. Veneto Quarti di Finale"]
[Site "Arquà Petrarca ITA"]
[Date "2003.05.04"]
[Round "2.30"]
[White "Zuccarello, Gianni"]
[Black "Morganti, Lionello"]
[Result "0-1"]
[WhiteElo "1459"]
[BlackElo "1636"]
[Annotator "Gabriele Ballarin"]
[PlyCount "58"]
[EventDate "2003.05.03"]
[EventType "swiss"]
[EventRounds "6"]
[EventCountry "ITA"]

1. d4 Nf6 2. c4 g6 3. Nf3 Bg7 4. e3 O-O 5. Bd3 c5 6. Qc2 Nc6 7. Bd2 cxd4 8. exd4 d5 9. c5 Re8 10. b4 a6 11. Bc3 e5 12. dxe5 Nxe5 13. Nxe5 d4 14. O-O dxc3 15. Nf3 Nd5 16. a3 Bg4 17. Ne1 Nf4 18. Nxc3 Nd5 19. Nxd5 Bxa1 20. Ne3 Be6 21. Nf3 Bg7 22. Rd1 Qc7 23. Ng5 Rad8 24. Nxe6 Rxe6 25. Nc4 Rde8 26. g3 Qc6 27. h4 Qf3 28. Nd6 Re2 29. Bxe2 Rxe2 0-1

[Event "63.Camp. Veneto Quarti di Finale"]
[Site "Arquà Petrarca ITA"]
[Date "2003.05.04"]
[Round "2.33"]
[White "Mingardi, Alessandro"]
[Black "Stiz, Massimiliano"]
[Result "0-1"]
[WhiteElo "1300"]
[BlackElo "1621"]
[Annotator "Gabriele Ballarin"]
[PlyCount "73"]
[EventDate "2003.05.03"]
[EventType "swiss"]
[EventRounds "6"]
[EventCountry "ITA"]

1. e4 e6 2. d4 d5 3. Nc3 Bb4 4. e5 c5 5. Be3 Ne7 6. Nf3 Nbc6 7. Bd3 cxd4 8. Bxd4 Nxd4 9. Nxd4 O-O 10. O-O Ng6 11. f4 Qb6 12. Bxg6 fxg6 13. Rf3 Bc5 14. Nce2 Bd7 15. Rb3 Qa6 16. Kh1 Bxd4 17. Nxd4 Rxf4 18. Ne2 Rf2 19. Nd4 Raf8 20. Rf3 R2xf3 21. gxf3 g5 22. b3 Be8 23. a4 Bg6 24. Kg2 Qb6 25. Qd2 h6 26. Rf1 a6 27. b4 Bf5 28. Kg3 Qc7 29. f4 gxf4+ 30. Qxf4 Qc3+ 31. Rf3 Qe1+ 32. Kg2 Bh3+ 33. Kxh3 Rxf4 34. Rxf4 Qxe5 35. Rg4 g5 36. Nf3 Qc3 37. Kg2 0-1

[Event "63.Camp. Veneto Quarti di Finale"]
[Site "Arquà Petrarca ITA"]
[Date "2003.05.04"]
[Round "2.35"]
[White "Canazza, Alessandro"]
[Black "Turri, Riccardo"]
[Result "1-0"]
[WhiteElo "1615"]
[BlackElo "1300"]
[Annotator "Gabriele Ballarin"]
[PlyCount "55"]
[EventDate "2003.05.03"]
[EventType "swiss"]
[EventRounds "6"]
[EventCountry "ITA"]

1. d4 Nf6 2. c4 c6 3. Nc3 d5 4. Nf3 Bg4 5. cxd5 Nxd5 6. Qb3 b6 7. Ne5 Be6 8. Qc2 g6 9. e4 Nb4 10. Qd1 Bg7 (10... Qxd4 $1 11. Qxd4 Nc2+) 11. Bf4 f6 12. Nf3 f5 13. Be5 Bxe5 14. Nxe5 fxe4 15. a3 Nd3+ 16. Bxd3 exd3 17. Qxd3 O-O 18. O-O b5 19. Rae1 Qd6 20. Qe3 Nd7 21. Nxg6 Bc4 22. Nxf8 Bxf1 23. Nxd7 Qxd7 24. Kxf1 Re8 25. Qg5+ Kf8 26. Qh6+ Kg8 27. Re3 Kh8 28. Qf4 1-0

[Event "63.Camp. Veneto Quarti di Finale"]
[Site "Arquà Petrarca ITA"]
[Date "2003.05.04"]
[Round "2.35"]
[White "Tencheni, Maurizio"]
[Black "Cipolotti, Piersilvio"]
[Result "0-1"]
[WhiteElo "1300"]
[BlackElo "1612"]
[Annotator "Gabriele Ballarin"]
[PlyCount "94"]
[EventDate "2003.05.03"]
[EventType "swiss"]
[EventRounds "6"]
[EventCountry "ITA"]

1. e4 Nc6 2. d4 e5 3. Nf3 exd4 4. Nxd4 Nf6 5. Nxc6 bxc6 6. e5 Qe7 7. Qe2 Nd5 8. c4 Ba6 9. b3 Qh4 10. g3 Bb4+ 11. Bd2 Qd4 12. Qd1 Qxa1 13. cxd5 Bxd2+ 14. Nxd2 Qxe5+ 15. Be2 Bxe2 16. Qxe2 Qxe2+ 17. Kxe2 cxd5 18. Nf3 O-O-O 19. Kd3 f6 20. Nd4 Rhe8 21. Rc1 a6 22. Nf5 Kb8 23. Nxg7 Re5 24. f4 Re4 25. Rc5 c6 26. Nf5 Kc7 27. Ne3 Kb6 28. Rc2 h5 29. h4 Rde8 30. Nf5 Re1 31. Kc3 Rg1 32. Kb2 Rg8 33. Re2 R8xg3 34. Nxg3 Rxg3 35. Re7 Rg4 36. Rxd7 Rxf4 37. Rf7 f5 38. Kc3 Rxh4 39. Rxf5 Rh1 40. a4 h4 41. b4 h3 42. Rh5 h2 43. Kb2 d4 44. a5+ Kc7 45. Kc2 Kd6 46. Kd2 Ra1 47. Rh6+ Kd5 0-1

[Event "63.Camp. Veneto Quarti di Finale"]
[Site "Arquà Petrarca ITA"]
[Date "2003.05.04"]
[Round "3.1"]
[White "Navarro, Stefano"]
[Black "Genocchio, Daniele"]
[Result "1-0"]
[WhiteElo "2115"]
[BlackElo "2352"]
[Annotator "Gabriele Ballarin"]
[PlyCount "53"]
[EventDate "2003.05.03"]
[EventType "swiss"]
[EventRounds "6"]
[EventCountry "ITA"]

1. e4 d5 2. exd5 Nf6 3. c4 e6 4. dxe6 Bxe6 5. d4 Qe7 6. Qe2 Nc6 7. Nf3 Qb4+ 8. Nc3 O-O-O 9. Be3 Ne4 10. Qc2 Nd6 11. a3 Qa5 12. d5 Bf5 13. Bd3 Bxd3 14. Qxd3 Nb4 15. Qb1 Nxd5 16. cxd5 Qa6 17. Qc2 Re8 18. Rc1 f5 19. Ne2 Kb8 20. O-O Be7 21. Qxc7+ Ka8 22. Ned4 g5 23. Ne6 Rhg8 24. Qd7 Qd3 25. Nc7+ Kb8 26. Nxe8 Rxe8 27. Bc5 1-0

[Event "63.Camp. Veneto Quarti di Finale"]
[Site "Arquà Petrarca ITA"]
[Date "2003.05.04"]
[Round "3.2"]
[White "Giuriato, Sergio"]
[Black "Lain, Luigi"]
[Result "0-1"]
[WhiteElo "2023"]
[BlackElo "2256"]
[Annotator "Gabriele Ballarin"]
[PlyCount "60"]
[EventDate "2003.05.03"]
[EventType "swiss"]
[EventRounds "6"]
[EventCountry "ITA"]

1. d4 d5 2. c4 e6 3. Nc3 Nf6 4. Bg5 Nbd7 5. e3 Be7 6. Nf3 O-O 7. Rc1 dxc4 8. Bxc4 b6 9. O-O Bb7 10. Qe2 h6 11. Bh4 Ne4 12. Bxe7 Qxe7 13. Bd3 Nxc3 14. Rxc3 c5 15. Ne5 Nxe5 16. dxe5 Rfd8 17. f4 Rd7 18. e4 Rad8 19. Rf3 Qh4 20. g3 Qe7 21. g4 Qh4 22. Rf2 Rd4 23. f5 exf5 24. exf5 c4 25. Bxc4 Rd1+ 26. Rf1 R1d2 27. Bxf7+ Kxf7 28. Rc7+ Kf8 29. f6 Rxe2 30. fxg7+ Kg8 0-1

[Event "63.Camp. Veneto Quarti di Finale"]
[Site "Arquà Petrarca ITA"]
[Date "2003.05.04"]
[Round "3.3"]
[White "Rossato, Armando"]
[Black "Pechy, Alaster"]
[Result "0-1"]
[WhiteElo "2192"]
[BlackElo "2115"]
[Annotator "Gabriele Ballarin"]
[PlyCount "64"]
[EventDate "2003.05.03"]
[EventType "swiss"]
[EventRounds "6"]
[EventCountry "ITA"]

1. d4 Nf6 2. Nf3 g6 3. Nc3 d5 4. Bf4 Bg7 5. e3 O-O 6. Be2 Bg4 7. h3 Bxf3 8. Bxf3 c6 9. h4 Nfd7 10. h5 e5 11. dxe5 Nxe5 12. hxg6 fxg6 13. Bxe5 Bxe5 14. Qd3 Na6 15. O-O-O Nb4 16. Qd2 Qa5 17. a4 Bxc3 18. bxc3 Qxa4 19. Qe2 Na6 20. Qd3 Rad8 21. Rh6 Kg7 22. Rdh1 Rh8 23. R1h4 Nc5 24. Qd4+ Qxd4 25. cxd4 Nd7 26. Rh1 Nf6 27. R6h4 h6 28. Kd2 g5 29. R4h2 a5 30. Rb1 b5 31. g3 Rb8 32. Bg2 Ng4 0-1

[Event "63.Camp. Veneto Quarti di Finale"]
[Site "Arquà Petrarca ITA"]
[Date "2003.05.04"]
[Round "3.4"]
[White "Tiengo, Davide"]
[Black "Giuriati, Paolo"]
[Result "1-0"]
[WhiteElo "1958"]
[BlackElo "2160"]
[Annotator "Gabriele Ballarin"]
[PlyCount "99"]
[EventDate "2003.05.03"]
[EventType "swiss"]
[EventRounds "6"]
[EventCountry "ITA"]

1. d4 f5 2. g3 Nf6 3. Bg2 g6 4. Nf3 Bg7 5. O-O O-O 6. c4 d6 7. Nc3 Nc6 8. d5 Na5 9. Qd3 e5 10. dxe6 Bxe6 11. Nd5 c6 12. Ng5 Bc8 13. Nf4 Re8 14. Rb1 Ng4 15. Bd5+ cxd5 16. Qxd5+ Be6 17. Ngxe6 Nf6 18. Qd1 Qd7 19. Nxg7 Kxg7 20. b3 Nc6 21. Bb2 Ne5 22. Nd5 Nxd5 23. Qxd5 Kf8 24. Rbd1 Nf7 25. Rd2 Qc6 26. Qd4 Re6 27. Qg7+ Ke7 28. Rfd1 Rd8 29. Qxh7 Rd7 30. Qg8 Ng5 31. Rd5 b6 32. h4 Nf7 33. e3 Rd8 34. Qg7 a5 35. a4 Qa8 36. Ba3 Qb8 37. Qd4 Re4 38. Qc3 Qc8 39. f3 Re6 40. h5 gxh5 41. Rxf5 Rg6 42. e4 Rdg8 43. Kf2 Qc6 44. Rdd5 Ke8 45. Rxd6 Nxd6 46. Re5+ Kd7 47. Rxh5 Kc7 48. Qd4 Rd8 49. Qd5 Kd7 50. e5 1-0

[Event "63.Camp. Veneto Quarti di Finale"]
[Site "Arquà Petrarca ITA"]
[Date "2003.05.04"]
[Round "3.5"]
[White "Navarro, Emanuele"]
[Black "Solinas, Carlo"]
[Result "0-1"]
[WhiteElo "2145"]
[BlackElo "2089"]
[Annotator "Gabriele Ballarin"]
[PlyCount "70"]
[EventDate "2003.05.03"]
[EventType "swiss"]
[EventRounds "6"]
[EventCountry "ITA"]

1. d4 Nf6 2. Nf3 g6 3. c4 Bg7 4. Nc3 O-O 5. e4 d6 6. Be2 e5 7. d5 a5 8. Bg5 h6 9. Bh4 Qe8 10. Nd2 g5 11. Bg3 Nxe4 12. Ndxe4 f5 13. f3 fxe4 14. Nxe4 Bf5 15. O-O Qg6 16. Bd3 Nd7 17. Qc2 b6 18. Rae1 Kh8 19. Re3 Rf7 20. b3 h5 21. h4 gxh4 22. Bxh4 Bh6 23. Re2 Rg8 24. Rd1 Bf4 25. g3 Bh6 26. Kh2 Nc5 27. Nxc5 bxc5 28. Qc3 Bg5 29. Bxg5 Qxg5 30. Qe1 h4 31. g4 Qf4+ 32. Kg1 Bxg4 33. fxg4 Qxg4+ 34. Kh2 Rf3 35. Kh1 Rh3+ 0-1

[Event "63.Camp. Veneto Quarti di Finale"]
[Site "Arquà Petrarca ITA"]
[Date "2003.05.04"]
[Round "3.6"]
[White "Baracchi, Filippo"]
[Black "Fregonese, Giulio"]
[Result "0-1"]
[WhiteElo "1801"]
[BlackElo "2136"]
[Annotator "Gabriele Ballarin"]
[PlyCount "76"]
[EventDate "2003.05.03"]
[EventType "swiss"]
[EventRounds "6"]
[EventCountry "ITA"]

1. e4 e5 2. Nc3 Nf6 3. f4 d5 4. fxe5 Nxe4 5. d3 Nxc3 6. bxc3 d4 7. Nf3 Nc6 8. Be2 Be7 9. O-O O-O 10. Bb2 dxc3 11. Bxc3 Qd5 12. Qe1 Bf5 13. Kh1 Bg6 14. Nd2 Nd4 15. Bd1 f6 16. Nf3 c5 17. Bxd4 cxd4 18. Nh4 Be8 19. Nf5 Qd7 20. Bg4 Kh8 21. Qh4 Bd8 22. Rae1 fxe5 23. Nxd4 Qd6 24. Qg3 Bf6 25. Ne6 Rg8 26. d4 Qe7 27. Qh3 Bb5 28. Rg1 Bh4 29. Rxe5 Bc6 30. Nf4 Qf6 31. Rf5 Qd6 32. Qxh4 g5 33. Rxg5 Qxf4 34. Rh5 Rxg4 35. Rxh7+ Kg8 36. Rh8+ Kf7 37. Qh5+ Rg6 38. Rxa8 Bxg2+ 0-1

[Event "63.Camp. Veneto Quarti di Finale"]
[Site "Arquà Petrarca ITA"]
[Date "2003.05.04"]
[Round "3.7"]
[White "Danieli, Enrico"]
[Black "Quaranta, Cristiano"]
[Result "1/2-1/2"]
[WhiteElo "2120"]
[BlackElo "1858"]
[Annotator "Gabriele Ballarin"]
[PlyCount "42"]
[EventDate "2003.05.03"]
[EventType "swiss"]
[EventRounds "6"]
[EventCountry "ITA"]

1. Nf3 Nf6 2. d4 g6 3. Nc3 d5 4. Bg5 Nbd7 5. e3 Bg7 6. Bd3 b6 7. O-O O-O 8. Ne5 Nxe5 9. dxe5 Ng4 10. Be2 Nxe5 11. Nxd5 f6 12. Bf4 c6 13. Nb4 Bb7 14. Qxd8 Raxd8 15. Rad1 c5 16. Na6 Be4 17. Bxe5 fxe5 18. Bc4+ Kh8 19. Bb3 Bf5 20. Nc7 e4 21. c3 Bg4 1/2-1/2

[Event "63.Camp. Veneto Quarti di Finale"]
[Site "Arquà Petrarca ITA"]
[Date "2003.05.04"]
[Round "3.8"]
[White "Cacco, Christian"]
[Black "Valentini, Luca"]
[Result "1-0"]
[WhiteElo "2312"]
[BlackElo "1800"]
[Annotator "Gabriele Ballarin"]
[PlyCount "95"]
[EventDate "2003.05.03"]
[EventType "swiss"]
[EventRounds "6"]
[EventCountry "ITA"]

1. d4 Nf6 2. Nf3 c5 3. e3 g6 4. Bd3 Bg7 5. O-O d6 6. c3 O-O 7. e4 Nbd7 8. e5 dxe5 9. dxe5 Ng4 10. e6 Nde5 11. exf7+ Rxf7 12. Bxg6 Nxf3+ 13. gxf3 Qxd1 14. Bxf7+ Kxf7 15. Rxd1 Ne5 16. Kg2 Bd7 17. Bf4 Rg8 18. Bg3 Bc6 19. Nd2 h5 20. Ne4 Bf6 21. h4 Bxh4 22. Rh1 Ng6 23. Kf1 Bb5+ 24. Ke1 Bxg3 25. fxg3 h4 26. gxh4 Nxh4 27. Nd2 Ng2+ 28. Kf2 Nf4 29. Rag1 Rd8 30. Rh7+ Kf6 31. Rh6+ Kf7 32. Ne4 Nd3+ 33. Ke3 Nxb2 34. Ng5+ Kg7 35. Ne6+ Kxh6 36. Nxd8 Nc4+ 37. Kf4 Nd6 38. Ke5 Bc4 39. a3 Nb5 40. Nxb7 Nxa3 41. Nxc5 Nb5 42. Ne4 a5 43. Ra1 Bd3 44. Rxa5 Bxe4 45. Rxb5 Bxf3 46. Ke6 Be2 47. Re5 Bc4+ 48. Kxe7 1-0